| 000 | 01540cam a2200397 i 4500 | ||
|---|---|---|---|
| 999 |
_c64048 _d64048 |
||
| 001 | 768714001 | ||
| 003 | CO-MdFUSB | ||
| 005 | 20190202100524.0 | ||
| 008 | 160413s2007 ck r 000 0 spa d | ||
| 020 | _a9789586966337 | ||
| 040 |
_aCO-BoPUJ _bspa _erda _cCO-MdFUSB _dCO-MdFUSBC |
||
| 041 | _aspa | ||
| 082 | 0 | 4 |
_a263 _bC268 _223 |
| 082 | 0 | 0 |
_a226.2 _221 |
| 100 |
_aCardona Ramírez, Hernán _eautor |
||
| 245 | 1 | 0 |
_aJesús de Nazareth en el Evangelio de San Mateo _b: comentarios bíblicos al ciclo litúrgico A _cHernán Cardona Ramírez, sdb , Fidel Oñoro Consuegra, cjm |
| 250 | _aPrimera edición. | ||
| 264 | 1 |
_aMedellín, Colombia : _bUniversidad Pontificia Bolivariana, Facultad de Teología, _c2007. |
|
| 264 | 4 | _c©2007 | |
| 300 |
_a399 páginas : _c23 cm _b: |
||
| 336 |
_atexto _btxt _2rdacontent |
||
| 337 |
_asin mediación _bn _2rdamedia |
||
| 338 |
_avolumen _bnc _2rdacarrier |
||
| 504 | _aIncluye referencias bibliográficas (páginas 337-339). | ||
| 505 | 0 | 0 |
_tPresentación. -- _tAdviento. -- _tNavidad. -- _tTiempo de cuaresma. -- _tSemana Santa. -- _tSagrado triduo pascual. -- _tTiempo de pascua. -- _tTiempo ordinario. -- _tBibliografía. |
| 563 | _arústico | ||
| 600 | 0 | 4 | _aJesucristo |
| 630 | 0 | 4 |
_aBiblia _pNuevo Testamento _pSan Mateo _vComentarios |
| 650 | 7 |
_9206 _aLiturgia _cIglesia Católica |
|
| 650 | 0 |
_aTeología práctica _9180 |
|
| 653 | _aFestividades religiosas -- Iglesia Católica | ||
| 700 |
_aOñoro Consuegra, Fidel _eautor _9996 |
||
| 942 | _cBK | ||